| 000 | 00471nam a2200193Ia 4500 | ||
|---|---|---|---|
| 005 | 20240823012741.0 | ||
| 008 | 240823s9999||||xx |||||||||||||| ||und|| | ||
| 041 | _aENGLISH | ||
| 082 | _A005.1 P2 | ||
| 100 | _a"Peters,James F" | ||
| 245 | 0 | _aSoftware Engineering | |
| 250 | _a1st | ||
| 260 |
_c2002 _b"John Wiley,New York" |
||
| 500 | _aTRANSFERED | ||
| 650 |
_aSoftware _bInformation Technology |
||
| 700 | _a" Pedrycz,Witold" | ||
| 942 | _cBK | ||
| 999 |
_c165293 _d165293 |
||